00294nam a2200121Ia 4500008004100000082001700041100001700058245003400075250000800109260003600117300001100153650000800164191201s2009 xx 000 0 und d a657.028bHAA aHALL JAMES,A 0aAccounting Information System a5th aN.DelhibCENGAGE Learningc2009 a832+25 aBBA